000 00596nam a22002057a 4500
003 koha_MIRAKIL
005 20231213100040.0
008 231213b |||||||| |||| 00| 0 ||| d
020 _b978-9-75051720-4
040 _aTR-IsEVY
_btur
_cTR-IsEVY
082 _a741.5 ERT/P
100 _aErtem, İlban, 1950-
245 0 _aPuslu kıtalar atlası
250 _a1. Basım.
260 _c2015
300 _a314 s.
650 _aAnar, İhsan Oktay, 1960- Puslu kıtalar atlası -- Adaptations.
650 _aAnar, İhsan Oktay, 1960- Puslu kıtalar atlası -- Uyarlamalar.
942 _2ddc
_cBK
999 _c13677
_d13677